Normal view
MARC view
- Steiglitz, Kenneth
Entry Personal Name
001 - CONTROL NUMBER
- control field: 103597
003 - CONTROL NUMBER IDENTIFIER
- control field: NUST
005 - DATE AND TIME OF LATEST TRANSACTION
- control field: 20221125115714.0
008 - FIXED-LENGTH DATA ELEMENTS
- fixed length control field: 221125|| aca||aabn | a|a d
040 ## - CATALOGING SOURCE
- Original cataloging agency: NUST
- Transcribing agency: NUST
100 ## - HEADING--PERSONAL NAME
- Personal name: Steiglitz, Kenneth
670 ## - SOURCE DATA FOUND
- Source citation: Work cat.: (NUST)188882: Papadimitriou, Christos H. 103596, Combinatorial optimization :, 1998
